000 00726nam a2200229Ia 4500
003 IN-BaIIA
008 211028s9999 xx 000 0 eng d
020 _a978-81-7758-279-6
040 _cIIA Library
080 _a539.1
_bBRA
100 _aBransden, B. H.
_913922
245 0 _aPhysics of atoms and molecules
_ba sourcebook for teachers of physics
_cB. H. Bransden and C. J. Joachain
250 _a2nd ed.
260 _aNew Delhi
_bDorling Kindersley
_c2007
300 _axiv, 1114p.
650 _aAtomic collisions
_91546
650 _aAtoms
_91137
650 _aMolecular structure
650 _aMolecules
_94897
700 _aJoachain, C. J.
_913923
942 _cBK
999 _c16557
_d16557